00664 2200241 4500001002100000005001700021008004100038020002200079035002400101041000800125043001300133082000800146090001800154100001900172245009100191250001000282260003300292300001900325650002000344700002000364850001200384990002600396YOGYA-0711000000054720110712105034.0 ind  a978-602-978-662-0 0010-071100000000547 aInd aYOPD DIY a813 aDEP 813 Hid S aArini Hidajati aSurga Untuk AnakkubPerjalanan Seorang Anak Mencari Jalan Menuju SurgacArini Hidajati aCet 1 aYogyakartabDiva Pressc2011 a415 hlmc20 cm aFiksi Indonesia aWidayanti, Elis aYOPDYOG aCB- D.11 - 2011 - 519